Problemas de la prehistoria y de la arqueología catalanas : ... Simposyum de Prehistoria Peninsular, 8-11 de octubre de 1962 ... Simposyum de Prehistoria Peninsular, 8-11 de octubre de 1962
Descripción Física:
XXVIII, 297 p., [6] p. de làm. : il. ; 25 cm
MARC
| LEADER | 00000nam a2200000Ia 4500 | ||
|---|---|---|---|
| 001 | 13936 | ||
| 008 | 160829s1963 xx 000 0 cat d | ||
| 080 | |a H-2-141 | ||
| 100 | |a Symposium de Prehistoria Peninsular (2n : 1962 : Barcelona) |9 25226 | ||
| 245 | |a Problemas de la prehistoria y de la arqueología catalanas : |b ... Simposyum de Prehistoria Peninsular, 8-11 de octubre de 1962 | ||
| 260 | |a Barcelona : |b Universidad de Barcelona, Instituto de Arqueología, |c 1963 | ||
| 300 | |a XXVIII, 297 p., [6] p. de làm. : |b il. ; |c 25 cm | ||
| 590 | |a Notes, referències bibliogràfiques, bibliografia. | ||
| 590 | |a Índex | ||
| 650 | |a Prehistòria |x Catalunya |9 46625 | ||
| 650 | 0 | |a Arqueologia |z Catalunya |9 34340 | |
| 710 | 2 | |a Universitat de Barcelona. |b Institut d'Arqueologia i Prehistòria |9 52757 | |
| 901 | |a Arxiu | ||
| 942 | |n 1 | ||
| 952 | |0 0 |1 0 |4 0 |6 H2141 |7 1 |9 43512 |a Arxiu |b Arxiu |d 2016-12-01 |l 0 |o H-2-141 |p 13936 |r 2016-12-01 00:00:00 |w 2016-12-01 |y ARXIU | ||
| 999 | |c 46058 |d 46058 | ||